Maakuntien pääkaupungit - Statistics

Yleistilastot
  • Tätä visaa on pelattu 57 kertaa
  • Keskiarvotulos 18 / 19
Vastaustilastot
Maakunta Pääkaupunki % Oikein
Uusimaa Helsinki
100%
Ahvenanmaa Maarianhamina
100%
Lappi Rovaniemi
100%
Pirkanmaa Tampere
100%
Keski-Suomi Jyväskylä
98%
Pohjois-Pohjanmaa Oulu
98%
Etelä-Karjala Lappeenranta
96%
Satakunta Pori
96%
Varsinais-Suomi Turku
96%
Pohjanmaa Vaasa
96%
Pohjois-Savo Kuopio
93%
Etelä-Pohjanmaa Seinäjoki
93%
Pohjois-Karjala Joensuu
91%
Kanta-Häme Hämeenlinna
89%
Kainuu Kajaani
89%
Kymenlaakso Kouvola
89%
Päijät-Häme Lahti
87%
Etelä-Savo Mikkeli
80%
Keski-Pohjanmaa Kokkola
76%
Ehtoja vastaavia visoja ei löytynyt
Tulosjakauma
Jokaisen tuloksen saaneiden osuus
Persentiili vastausten määrän mukaan
Tuloshistoriasi
Et ole pelannut tätä visaa